00542nam a2200193 a 4500001001300000003000900013005001700022008004100039020002300080082002100103100001900124245006300143260003900206300000900245500003500254505002400289650001600313700001900329nice12345678IN_TiNIC20260116013250.0050524s1999 jaia grp 000 0 eng  a8170334 c47500a306.0899145bMEH aMehta, Lalit K aCaste, Clan and Ethnicityb a Study of Mehtas in Rajasthan aJaipur bRawat Publications c1999 a255p aincludes index and biblioraphy2 aBibliography, Index aCaste-India1 aMehta, Lalit K